000 00981nas a2200325 4500
001 BR0301599
003 BR-BrBNA
005 20231205103647.0
007 ta
008 230509b bl.|||p| |||| 00| 00por d
040 _aBR-BrBNA
_bpor
_cBiblioteca Nacional de Agricultura
041 _a(Pt)
072 _aH20
100 1 _aBernardo, E.R. de A.
100 1 _aSantos, J.M. dos
100 1 _aSilva, R.A. da
100 1 _aCassetari Neto, D.
100 1 _aSantos, S.S. dos
100 1 _aDelmadi, L.
100 1 _aRocha, V. de F.
245 1 _aLevantamento de Meloidogyne exigua na cultura da seringueira em São José do Rio Claro, MT, Brasil
650 _aSERINGUEIRA
650 _aNEMATÓIDE
650 _aMELOIDOGINOSE
650 _aLEVANTAMENTO POPULACIONAL
650 _aMATO GROSSO
773 0 _tCiência Rural (Brazil)
_xISSN 0103-8478
_g(Jan-Feb 2003), v. 33(1) p. 157-159
_wBR0301599
909 _a202311
_bLúcia
_c55
_dLúcia Elande
942 _2AGRIS
_n0
_cANA
999 _c174071
_d174071